[Event "HUN-chT2 Toth 0405"]
[Site "Hungary"]
[Date "2004.12.19"]
[Round "5"]
[White "Vamos, Viktor"]
[Black "Haragos, Kalman"]
[Result "1/2-1/2"]
[WhiteElo "2184"]
[BlackElo "2126"]
[PlyCount "28"]
[EventDate "2004.09.26"]
[EventType "team-tourn"]
[EventRounds "11"]
[EventCountry "HUN"]
[SourceTitle "EXT 2009"]
[Source "ChessBase"]
[SourceDate "2008.11.26"]
[SourceVersion "1"]
[SourceVersionDate "2008.11.26"]
[SourceQuality "1"]
[WhiteTeam "Takisz"]
[BlackTeam "GYDSE"]
[WhiteTeamCountry "HUN"]
[BlackTeamCountry "HUN"]

1. d4 Nf6 2. Bg5 Ne4 3. Bf4 d5 4. e3 c5 5. c3 Qb6 6. b3 e6 7. Bd3 Nc6 8. Bxe4 dxe4 9. Nd2 f5 10. g4 Qd8 11. gxf5 exf5 12. Nc4 Be6 13. Ne5 cxd4 14. Nxc6 bxc6 1/2-1/2

[Event "HUN-chT2 Toth 0405"]
[Site "Hungary"]
[Date "2004.10.10"]
[Round "2"]
[White "Domany, Zsofia"]
[Black "Haragos, Kalman"]
[Result "1/2-1/2"]
[WhiteElo "2041"]
[BlackElo "2126"]
[PlyCount "56"]
[EventDate "2004.09.26"]
[EventType "team-tourn"]
[EventRounds "11"]
[EventCountry "HUN"]
[SourceTitle "EXT 2009"]
[Source "ChessBase"]
[SourceDate "2008.11.26"]
[SourceVersion "1"]
[SourceVersionDate "2008.11.26"]
[SourceQuality "1"]
[WhiteTeam "Mako II"]
[BlackTeam "GYDSE"]
[WhiteTeamCountry "HUN"]
[BlackTeamCountry "HUN"]

1. e4 c5 2. Nf3 e6 3. d4 cxd4 4. Nxd4 Nc6 5. Nc3 Qc7 6. Be3 a6 7. Qd2 Nf6 8. f3 h5 9. Bd3 b5 10. 0-0-0 Bb7 11. Kb1 Be7 12. Qf2 b4 13. Na4 d6 14. h3 Nd7 15. Nxc6 Bxc6 16. Nb6 Nxb6 17. Bxb6 Qb7 18. Bd4 e5 19. Be3 h4 20. Bc4 a5 21. Qd2 g6 22. Qd3 Kf8 23. Rhg1 Rb8 24. Bd5 Bxd5 25. Qxd5 Qa6 26. Rd2 Kg7 27. Rgd1 Rhc8 28. Rf2 a4 1/2-1/2